| 000 | 01184nam a22002657a 4500 | ||
|---|---|---|---|
| 005 | 20101028111547.0 | ||
| 008 | 101028t xxu||||| |||| 00| 0 hin d | ||
| 010 | _aHIN-90923 | ||
| 020 |
_c300.00 _a9788189270155 |
||
| 035 | _aHN-63269 | ||
| 037 | _bDBAD / PUB | ||
| 040 |
_aDPL _bHN |
||
| 082 | _aक | ||
| 100 | _924013 | ||
| 245 |
_aआईनाः _cपंकज मालवीय द्वारा अनुदित _bअन्तोन चेखव की सतरंगी कहानियां / |
||
| 246 |
_aAaena _bby Pankaj Malviya |
||
| 260 |
_aदिल्ली _bग्रंथकेतन _c2010 |
||
| 270 |
_a1/7342, नेहरू मार्ग, ईस्ट गोरख पार्क, शाहदरा _bदिल्ली _e110032 _k32046038 |
||
| 300 |
_a160पृ _c22सेमी (सजिल्द) |
||
| 650 |
_91159 _aलघु कथाएँ, हिन्दी |
||
| 700 |
_924014 _aमालवीय, पंकज |
||
| 700 | _924064 | ||
| 942 |
_2ddc _cHN _hक _mआईना |
||
| 999 |
_c48517 _d48517 |
||